<?xml version="1.0" encoding="UTF-8"?>
<record
    xmlns:xsi="http://www.w3.org/2001/XMLSchema-instance"
    xsi:schemaLocation="http://www.loc.gov/MARC21/slim http://www.loc.gov/standards/marcxml/schema/MARC21slim.xsd"
    xmlns="http://www.loc.gov/MARC21/slim">

  <leader>01490nam a22002417a 4500</leader>
  <datafield tag="999" ind1=" " ind2=" ">
    <subfield code="c">20150</subfield>
    <subfield code="d">20150</subfield>
  </datafield>
  <controlfield tag="005">20180803170445.0</controlfield>
  <controlfield tag="008">180405b        ck ||||| |||| 00| 0 spa d</controlfield>
  <datafield tag="040" ind1=" " ind2=" ">
    <subfield code="a">CO-BoIAVH </subfield>
    <subfield code="c">CO-BoIAVH </subfield>
  </datafield>
  <datafield tag="041" ind1=" " ind2=" ">
    <subfield code="a">spa</subfield>
  </datafield>
  <datafield tag="044" ind1=" " ind2=" ">
    <subfield code="a">ck</subfield>
  </datafield>
  <datafield tag="082" ind1=" " ind2=" ">
    <subfield code="a">711.4</subfield>
    <subfield code="b">U68p</subfield>
  </datafield>
  <datafield tag="110" ind1="1" ind2="0">
    <subfield code="a">Unidad de Planeaci&#xF3;n Minero Energ&#xE9;tica </subfield>
  </datafield>
  <datafield tag="245" ind1="1" ind2="0">
    <subfield code="a">Plan nacional de ordenamiento minero PNOM: </subfield>
    <subfield code="b">principios, lineamientos y acciones estrat&#xE9;gicas </subfield>
  </datafield>
  <datafield tag="250" ind1=" " ind2=" ">
    <subfield code="a">Editorial Kimpres Ltda</subfield>
  </datafield>
  <datafield tag="260" ind1=" " ind2=" ">
    <subfield code="a">Bogot&#xE1;:</subfield>
    <subfield code="b">Ministerio de Minas y Energ&#xED;a,</subfield>
    <subfield code="c">2014.</subfield>
  </datafield>
  <datafield tag="300" ind1=" " ind2=" ">
    <subfield code="a">55 p&#xE1;ginas</subfield>
  </datafield>
  <datafield tag="505" ind1=" " ind2=" ">
    <subfield code="a">Parte I.  Introducci&#xF3;n, retos y principios para el ordenamiento minero. - Parte ii. Lineamientos y acciones para el ordenamiento minero. - Problemas de coordinaci&#xF3;n interinstitucional y de licenciamiento. - Problemas de organizaci&#xF3;n de la industria y de su regulaci&#xF3;n. - Fortalecer lo sistemas de informaci&#xF3;n para la toma de decisiones y la prevenci&#xF3;n de conflictos, que se generan por ausencia de informaci&#xF3;n p&#xFA;blica. Los sistemas de formaci&#xF3;n y de innovaci&#xF3;n. - Parte III. - Resoluci&#xF3;n UPME No. 256 del 2014.</subfield>
  </datafield>
  <datafield tag="520" ind1=" " ind2=" ">
    <subfield code="a">En este trabajo se identificaron los conflictos o problemas que enfrenta la industria minera y, en consecuencia, se realizan propuestas con el fin de lograr su aprovechamiento ordenado y responsable.</subfield>
  </datafield>
  <datafield tag="650" ind1="1" ind2="4">
    <subfield code="a">Industr&#xED;a minera</subfield>
    <subfield code="z">Colombia</subfield>
  </datafield>
  <datafield tag="650" ind1="1" ind2="4">
    <subfield code="a">Planes de conservaci&#xF3;n</subfield>
    <subfield code="z">Colombia</subfield>
  </datafield>
  <datafield tag="650" ind1="1" ind2="4">
    <subfield code="a">Resoluci&#xF3;n de conflictos</subfield>
  </datafield>
  <datafield tag="942" ind1=" " ind2=" ">
    <subfield code="2">ddc</subfield>
    <subfield code="c">LIBRO</subfield>
  </datafield>
  <datafield tag="952" ind1=" " ind2=" ">
    <subfield code="0">0</subfield>
    <subfield code="1">0</subfield>
    <subfield code="2">ddc</subfield>
    <subfield code="4">0</subfield>
    <subfield code="7">0</subfield>
    <subfield code="a">Bogota</subfield>
    <subfield code="b">Bogota</subfield>
    <subfield code="d">2018-04-05</subfield>
    <subfield code="l">0</subfield>
    <subfield code="o">LB-711.4 U68p</subfield>
    <subfield code="p">043201</subfield>
    <subfield code="r">2018-04-05 00:00:00</subfield>
    <subfield code="t">Ej. 1</subfield>
    <subfield code="w">2018-04-05</subfield>
    <subfield code="x">Canje</subfield>
    <subfield code="y">LIBRO</subfield>
  </datafield>
</record>
